Kaizen v systéme manažérstva kvality diplomová práca

Na minha lista:
Detalhes bibliográficos
Autor principal: Masaryková, Alžbeta
Autor Corporativo: Fakulta podnikového manažmentu EU. Katedra manažmentu výroby a logistiky - zrušená
Outros Autores: Džubáková, Martina
Formato: Livro
Idioma:eslovaco
Publicado em: Bratislava 2018
Tags: Adicionar Tag
Sem tags, seja o primeiro a adicionar uma tag!

MARC

LEADER 00000nbm a2200000 4500
001 0244664
005 20181009130747.8
041 0 |a slo 
044 |a SK 
245 1 0 |a Kaizen v systéme manažérstva kvality  |b diplomová práca  |c Alžbeta Masaryková ; školiteľ: Martina Džubáková 
264 1 |a Bratislava  |c 2018 
300 |a 71 s. 
100 1 |a Masaryková, Alžbeta 
700 1 |a Džubáková, Martina 
710 2 |a Fakulta podnikového manažmentu EU. Katedra manažmentu výroby a logistiky - zrušená